|
|
|
|
| LEADER |
01373nam a2200265 a 4500 |
| 001 |
GR-Patra177 |
| 008 |
991022s gr 000 0 gre d |
| 040 |
|
|
|a GrPaTEI
|b gre
|c GR-PaULI
|
| 245 |
0 |
0 |
|a Υδραυλική =
|b Fluid mechanics with engineering applications : Θεωρία & 1000 εφαρμογές
|n 1ος.
|
| 260 |
|
|
|a Αθήνα :
|b Πλαίσιο,
|c c1979
|
| 300 |
|
|
|a 325σ. :
|b εικ.
|
| 650 |
|
4 |
|a ΕΓΧΕΙΡΙΔΙΑ
|
| 650 |
|
4 |
|a ΡΕΥΣΤΟΜΗΧΑΝΙΚΗ
|
| 650 |
|
4 |
|a ΥΔΡΑΥΛΙΚΗ
|
| 653 |
|
|
|a ΥΔΡΑΥΛΙΚΗ - ΕΓΧΕΙΡΙΔΙΑ
|
| 700 |
1 |
|
|a Daugherty, Robert L.
|
| 700 |
1 |
|
|a Franzini, Joseph B.
|
| 700 |
1 |
|
|a Στολάκης, Γ.
|
| 710 |
0 |
|
|a Πλαίσιο
|
| 942 |
|
|
|2 ddc
|
| 952 |
|
|
|0 0
|1 0
|2 ddc
|4 0
|6 620_106000000000000_DAU
|7 0
|9 280668
|a LISK
|b LISK
|c BSC
|d 2021-01-17
|e 24
|f 0
|g 0.00
|l 0
|o 620.106 DAU
|p 92410028
|r 2021-01-17 00:00:00
|t 1
|w 2021-01-17
|y BK15
|x 19991024 0 1
|x GrPaTEI
|
| 952 |
|
|
|0 0
|1 0
|2 ddc
|4 0
|6 620_106000000000000_DAU
|7 0
|9 280669
|a LISK
|b LISK
|c BSC
|d 2021-01-17
|e 24
|f 0
|g 0.00
|l 0
|o 620.106 DAU
|p 924100711
|r 2021-01-17 00:00:00
|t 1
|w 2021-01-17
|y BK15
|x 19991024 0 1
|x GrPaTEI
|
| 952 |
|
|
|0 0
|1 0
|2 ddc
|4 0
|6 620_106000000000000_DAU
|7 0
|9 280670
|a LISK
|b LISK
|c BSC
|d 2021-01-17
|e 24
|f 0
|g 0.00
|l 0
|o 620.106 DAU
|p 924100712
|r 2021-01-17 00:00:00
|t 1
|w 2021-01-17
|y BK15
|x 19991024 0 1
|x GrPaTEI
|
| 971 |
|
|
|a .b2647671x
|b 16-04-20
|c 23-09-16
|
| 999 |
|
|
|c 163506
|d 163506
|